Súčasné politicko-ekonomické vzťahy Brazílie s Čínskou ľudovou republikou diplomová práca

Enregistré dans:
Détails bibliographiques
Auteur principal: Tomková, Linda
Collectivité auteur: Fakulta medzinárodných vzťahov EU. Katedra medzinárodných ekonomických vzťahov a hospodárskej diplomacie
Autres auteurs: Baculáková, Kristína, 1988-
Format: Livre
Langue:slovaque
Publié: Bratislava 2025
Tags: Ajouter un tag
Pas de tags, Soyez le premier à ajouter un tag!

MARC

LEADER 00000nbm a2200000 4500
001 0309512
005 20260115135250.0
041 0 |a slo 
044 |a SK 
245 1 0 |a Súčasné politicko-ekonomické vzťahy Brazílie s Čínskou ľudovou republikou  |b diplomová práca  |c Linda Tomková ; školiteľ: Kristína Baculáková 
264 1 |a Bratislava  |c 2025 
300 |a 98 s. 
100 1 |a Tomková, Linda 
700 1 |a Baculáková, Kristína, 1988- 
710 2 |a Fakulta medzinárodných vzťahov EU. Katedra medzinárodných ekonomických vzťahov a hospodárskej diplomacie